000
00304nam a2200109 a 4500
005
20140414132059.0
008
110805s19uu xx 00 eng d
050
_a
REF 333.79
_b
K46 1996
245
_a
New library science :
_b
Forces and energy.
260
_a
Chicago :
_b
J.G Ferguson,
_c
1996.
999
_c
114399
_d
114399